| 000 | 00351nam a2200097Ia 4500 | ||
|---|---|---|---|
| 008 | 220204s9999 xx 000 0 und d | ||
| 082 |
_aNR:339.13 (595) _bMAR |
||
| 245 | 0 | _aMarketing Malaysian rubber products overseas: A study conducted for the MRRDB and the Federal Industrial Development Authority. 14 V | |
| 260 |
_aMalaysia _bMRRDB _c1979 |
||
| 942 | _cBK | ||
| 999 |
_c34259 _d34259 |
||